| 000 | 004530000a22001810004500 | ||
|---|---|---|---|
| 003 | MACL | ||
| 005 | 20150822151007.0 | ||
| 008 | 150822b xxu||||| |||| 00| 0 eng d | ||
| 040 |
_aMACL _cMACL |
||
| 041 | _aEnglish | ||
| 082 | _a635.8/RAM | ||
| 100 |
_aRam, R C _96869 |
||
| 245 | _aMushrooms and Their Cultivation Techniques | ||
| 260 |
_bAvishkar Prakashan _c2007 _aJaipur |
||
| 350 | _a425 | ||
| 650 |
_aAgriculture _96870 |
||
| 942 |
_cBK _k635.8 _2ddc |
||
| 999 |
_c9011 _d9011 |
||